000 00298nam a22001337a 4500
008 170620b xxu||||| |||| 00| 0 eng d
020 _a9780807744277
041 _aeng
080 _a32
100 _a20
101 _aSHP
245 _aLETTERS TO THE NEXT PRESIDENT
_cGLICKMAN,C
942 _2udc
_cBK
999 _c18247
_d18247